Normal view
MARC view
Entry Geographic Name
001 - CONTROL NUMBER
- control field: 5429
003 - CONTROL NUMBER IDENTIFIER
- control field: ARRUPE
005 - DATE AND TIME OF LATEST TRANSACTION
- control field: 20131210144056.0
008 - FIXED-LENGTH DATA ELEMENTS
- fixed length control field: 131210|| aca||aabn | a|a d
040 ## - CATALOGING SOURCE
- Original cataloging agency: ARRUPE
- Transcribing agency: ARRUPE
151 ## - HEADING--GEOGRAPHIC NAME
- Geographic name: Africa, West
- General subdivision: Discovery and exploration.
670 ## - SOURCE DATA FOUND
- Source citation: Work cat.: (ARRUPE)0: Lang, John. 5426, The land of the golden trade (West Africa), 1910.